00922njm a2200265Ia 450000100060000000300090000600500170001500800410003204000130007304000130008604100120009910000130011110000180012410000380014224500200018025000110020026000120021126000660022330000170028950000150030650501500032165000510047170000770052270000570059938669IT-RoPAU20220918181146.0131025s9999 xx 000 0 und d aIT-RoPAU cIT-RoPAU aINGLESE aGenesis  eAutore musica gCodice autore musica SPICS: 10916 aInvisible Touch a1a ed. aGERMANY bCHARISMA RECORDSc1986 [1a Ed.:1986 - Ed. Lingua Orig.: 1986] aCOMPACT DISC aMusica pop aInvisible Touch - Tonight, Tonight, Tonight - Land of Confusion - In Too Deep - Anything She Does - Domino - Throwing It All Away - The Brazilian aPOP [COMPACT DISC]eCodice MATERIA SPICS: 9949 aGenesis eAutore testo e musicagCodice autore testo/musica SPICS: 10916 aGenesis gCodice interprete SPICS: 10916eInterprete